Online
Catalog

Tratado elemental de derecho romano : (Record no. 51446)

MARC details
000 -CABECERA
campo de control de longitud fija 01688nam a22003017a 4500
003 - IDENTIFICADOR DEL NÚMERO DE CONTROL
campo de control DO-SdBNP
005 - FECHA Y HORA DE LA ÚLTIMA TRANSACCIÓN
campo de control 20240528134336.0
007 - CAMPO FIJO DE DESCRIPCIÓN FÍSICA--INFORMACIÓN GENERAL
campo de control de longitud fija ta
008 - DATOS DE LONGITUD FIJA--INFORMACIÓN GENERAL
campo de control de longitud fija 081112s1990 dr r 001 0 spa d
040 ## - FUENTE DE LA CATALOGACIÓN
Centro catalogador/agencia de origen DO-SdBNP
Lengua de catalogación spa
Centro/agencia transcriptor BNPHU
082 #4 - NÚMERO DE LA CLASIFICACIÓN DECIMAL DEWEY
Número de clasificación 340.54
Número de documento/Ítem P489t, 1990
Número de edición 22
100 1# - ENTRADA PRINCIPAL--NOMBRE DE PERSONA
Nombre de persona Petit, Eugéne,
Fechas asociadas al nombre 1850-1931
9 (RLIN) 1817
240 ## - TÍTULO UNIFORME
Título uniforme Traite élémentaire de droit romain
Lenguaje de la obra Español
245 10 - MENCIÓN DE TÍTULO
Título Tratado elemental de derecho romano :
Resto del título contiene el desarrollo histórico y la exposición general de los principios de la legislación romana desde el origen de Roma hasta el emperador Justiniano /
Mención de responsabilidad, etc. José Fernández González; tradución José Ferrandez González ; prólogo José Ma. Rizzi
250 ## - MENCIÓN DE EDICIÓN
Mención de edición .
260 ## - PUBLICACIÓN, DISTRIBUCIÓN, ETC.
Lugar de publicación, distribución, etc. Santo Domingo :
Nombre del editor, distribuidor, etc. Tiempo,
Fecha de publicación, distribución, etc. 1990.
300 ## - DESCRIPCIÓN FÍSICA
Extensión 532 p. ;
Dimensiones 20 cm.
500 ## - NOTA GENERAL
Nota general Incluye referencias bibliográficas y notas al pie de las páginas
500 ## - NOTA GENERAL
Nota general Incluye índice
505 2# - NOTA DE CONTENIDO CON FORMATO
Nota de contenido con formato Introducción --
Título De la fundación de Roma hasta la ley de las XII tablas --
-- De la ley de las XII tablas al fin de la República --
-- Del advenimiento del imperio a la muerte de Alejandro Severo --
-- De la muerte de Alejandro Severo a la muerte de Justiniano --
-- De las personas --
-- De las personas alieni juris --
-- De las personas sui juris --
-- De las cosas --
-- De los derechos reales --
-- De los derechos de crédito u obligaciones --
-- De los modos de adquirir <per univarsitatem> --
-- De las acciones..
590 ## - NOTA LOCAL (RLIN)
Nota local Inventariado, 2018/BT
650 #0 - PUNTO DE ACCESO ADICIONAL DE MATERIA--TÉRMINO DE MATERIA
Término de materia o nombre geográfico como elemento de entrada Derecho romano
9 (RLIN) 1818
650 #4 - PUNTO DE ACCESO ADICIONAL DE MATERIA--TÉRMINO DE MATERIA
Término de materia o nombre geográfico como elemento de entrada Derecho romano
Subdivisión general Legislación
9 (RLIN) 1819
700 1# - PUNTO DE ACCESO ADICIONAL--NOMBRE DE PERSONA
Nombre de persona Ferrandez González, José,
Término indicativo de función/relación tr.
9 (RLIN) 1820
700 1# - PUNTO DE ACCESO ADICIONAL--NOMBRE DE PERSONA
Nombre de persona Rizzi, José Ma.
9 (RLIN) 1821
Término indicativo de función/relación pról.
910 ## - DATOS DE OPCIÓN DEL USUARIO (OCLC)
Datos de opción del usuario Btavárez
942 ## - ELEMENTOS DE PUNTO DE ACCESO ADICIONAL (KOHA)
Fuente del sistema de clasificación o colocación Dewey Decimal Classification
Tipo de ítem Koha Libro
Holdings
Estado de retiro Estado de pérdida Fuente del sistema de clasificación o colocación Restricciones de uso No para préstamo Código de colección Localización permanente Ubicación/localización actual Ubicación en estantería Fecha de adquisición Fuente de adquisición Total de préstamos Signatura topográfica completa Código de barras Fecha visto por última vez Precio válido a partir de Tipo de ítem Koha
    Dewey Decimal Classification Préstamo restringido   Patrimonio Dominicano Biblioteca Nacional Pedro Henríquez Ureña Biblioteca Nacional Pedro Henríquez Ureña Depósito 01.04.2022 Donación   BNPHU PD 340.54 P489t 1990 2022-1072 01.04.2022 01.04.2022 Libro

Powered by Koha